00607nam a2200229Ia 4500008004100000020001400041040000600055041001200061082000900073082001100082100001800093245004800111245001800159260001400177260003500191260000900226300005500235300001200290365002500302501002800327650002200355141004s9999 xx 000 0 und d a706982665 ca aEnglish a1.42 bDAY/HO aRobert A Day aHow to write and publish a scientific paper cRobert A Day aNew Delhi bVikas publishing house PVT LTD c1979 axi + 160 p.  b21.5 cm aRs.60.00  aKAUCOF  atechnical writing